Zdaňovanie príjmov z rôznych aktivít fyzických osôb

Taxislužba, sprostredkovanie zamestnania za úhradu, činnosť energetického audítora, činnosť mediátora - stručne k základným zásadám zdaňovania týchto príjmov.

Salvato in:
Dettagli Bibliografici
Autore principale: Jarinkovičová, Valéria
Natura: Capitolo di libro
Lingua:slovacco
Soggetti:
Tags: Aggiungi Tag
Nessun Tag, puoi essere il primo ad aggiungerne!!

MARC

LEADER 00000naa a2200000 4500
001 0176813
005 20231114103314.3
041 0 |a slo 
044 |a SK 
245 1 0 |a Zdaňovanie príjmov z rôznych aktivít fyzických osôb  |c Valéria Jarinkovičová 
520 |a Taxislužba, sprostredkovanie zamestnania za úhradu, činnosť energetického audítora, činnosť mediátora - stručne k základným zásadám zdaňovania týchto príjmov. 
610 2 0 |a osoby fyzické 
610 2 0 |a zdaňovanie 
610 2 0 |a príjmy 
100 1 |a Jarinkovičová, Valéria